|
|
|
|
| LEADER |
00000nas a2200000 i 4500 |
| 001 |
ssj0001342093 |
| 003 |
WaSeSS |
| 005 |
20200512172242.0 |
| 006 |
m d |
| 007 |
cr n |
| 008 |
121001c20119999nz ar s 0 a0eng c |
| 010 |
|
|
|a 2015240302
|
| 022 |
|
|
|a 1927-7733
|y 1927-7725
|
| 035 |
|
|
|a (WaSeSS)ssj0001342093
|
| 040 |
|
|
|a NZ1
|b eng
|e pn
|c NZ1
|d OCLCO
|d OCLCF
|d CUD
|d CUS
|d IXA
|d AU@
|d OCLCQ
|d CUS
|d CUI
|d OCLCQ
|d LIP
|d OCLCO
|d XFH
|d OCLCO
|d OCLCQ
|d OCLCA
|d CRU
|d OCLCO
|d WYU
|d VT2
|d WaSeSS
|
| 042 |
|
|
|a pcc
|
| 050 |
1 |
4 |
|a RC382
|
| 210 |
1 |
|
|a J. parkinsonism restless legs syndr.
|b (Online)
|
| 222 |
|
0 |
|a Journal of parkinsonism & restless legs syndrome
|b (Online)
|
| 245 |
0 |
0 |
|a Journal of parkinsonism and restless legs syndrome
|h [electronic resource].
|
| 246 |
1 |
|
|a Journal of parkinsonism & restless legs syndrome
|
| 246 |
1 |
|
|a JPRLS
|
| 260 |
|
|
|a Auckland, N.Z. :
|b Dovepress,
|c 2011-
|
| 310 |
|
|
|a Annual
|
| 362 |
1 |
|
|a Began with Volume 1, issue 1 (Dec. 2011).
|
| 506 |
|
|
|a License restrictions may limit access.
|
| 515 |
|
|
|a Articles added irregularly during the year and collected into annual issues.
|
| 588 |
|
|
|a Description based on: Volume 1, issue 1 (Dec. 2011); title from HTML header (publisher's Web site, viewed June 17, 2015).
|
| 588 |
|
|
|a Latest issue consulted: Volume 5 (2015) (viewed June 17, 2015).
|
| 650 |
|
0 |
|a Parkinson's disease
|v Periodicals.
|
| 650 |
|
0 |
|a Restless legs syndrome
|v Periodicals.
|
| 650 |
|
7 |
|a Parkinson's disease.
|2 fast
|0 (OCoLC)fst01053693
|
| 650 |
|
7 |
|a Restless legs syndrome.
|2 fast
|0 (OCoLC)fst01095982
|
| 650 |
|
2 |
|a Parkinson Disease.
|
| 650 |
|
2 |
|a Restless Legs Syndrome.
|
| 655 |
|
0 |
|a Electronic journals.
|
| 776 |
0 |
8 |
|i Print version:
|t Journal of parkinsonism & restless legs syndrome
|w (DLC)cn2012301283
|w (OCoLC)818097749
|
| 856 |
4 |
0 |
|z Full text available from Research Library: 01/01/2011 to present
|u https://search.proquest.com/publication/3933404
|